[Event "ODJM A 2023"]
[Site "Willingen GER"]
[Date "2023.06.03"]
[Round "9"]
[White "Gerlach, Felix"]
[Black "Eberhart, Erik"]
[Result "1-0"]
[Termination "normal"]
[Board "6"]
[WhiteElo "2078"]
[BlackElo "1764"]
[WhiteClock "00:03:16"]
[BlackClock "00:01:08"]
[PlyCount "125"]
[WhiteFideId "12957690"]
[BlackFideId "16239970"]
[EventCountry "GER"]
[EventRounds "9"]
[EventType "swiss"]
[EventDate "2023.05.27"]

1. e4 {[%clk 01:30:57]} {[%emt 00:00:02]} e5 {[%clk 01:30:46]} {[%emt
00:00:14]} 2. Nf3 {[%clk 01:31:22]} {[%emt 00:00:05]} Nc6 {[%clk 01:30:47]}
{[%emt 00:00:30]} 3. Bc4 {[%clk 01:31:21]} {[%emt 00:00:31]} Nf6 {[%clk
01:22:14]} {[%emt 00:09:03]} 4. d3 {[%clk 01:29:56]} {[%emt 00:01:53]} Be7
{[%clk 01:21:17]} {[%emt 00:01:28]} 5. O-O {[%clk 01:28:47]} {[%emt 00:01:39]}
O-O {[%clk 01:20:31]} {[%emt 00:01:15]} 6. Re1 {[%clk 01:23:00]} {[%emt
00:06:17]} d6 {[%clk 01:19:49]} {[%emt 00:01:13]} 7. c3 {[%clk 01:23:04]}
{[%emt 00:00:26]} Na5 {[%clk 01:06:12]} {[%emt 00:14:07]} 8. Bb5 {[%clk
01:22:44]} {[%emt 00:00:49]} a6 {[%clk 01:02:54]} {[%emt 00:03:49]} 9. Ba4
{[%clk 01:21:57]} {[%emt 00:01:17]} b5 {[%clk 01:03:20]} {[%emt 00:00:04]} 10.
Bc2 {[%clk 01:22:17]} {[%emt 00:00:10]} c5 {[%clk 01:03:41]} {[%emt 00:00:09]}
11. Nbd2 {[%clk 01:20:38]} {[%emt 00:02:10]} Bb7 {[%clk 01:01:51]} {[%emt
00:02:20]} 12. Nf1 {[%clk 01:13:59]} {[%emt 00:07:08]} Re8 {[%clk 00:58:33]}
{[%emt 00:03:48]} 13. Ng3 {[%clk 01:12:46]} {[%emt 00:01:42]} Bf8 {[%clk
00:55:40]} {[%emt 00:03:23]} 14. d4 {[%clk 01:11:37]} {[%emt 00:01:40]} g6
{[%clk 00:47:53]} {[%emt 00:08:18]} 15. d5 {[%clk 01:06:55]} {[%emt 00:05:10]}
Nc4 {[%clk 00:44:37]} {[%emt 00:03:47]} 16. h3 {[%clk 00:58:52]} {[%emt
00:08:33]} Bg7 {[%clk 00:43:47]} {[%emt 00:01:19]} 17. Nh2 {[%clk 00:57:49]}
{[%emt 00:01:34]} Bc8 {[%clk 00:42:31]} {[%emt 00:01:46]} 18. a4 {[%clk
00:48:59]} {[%emt 00:09:20]} Bd7 {[%clk 00:33:47]} {[%emt 00:09:14]} 19. b3
{[%clk 00:44:32]} {[%emt 00:04:57]} Nb6 {[%clk 00:32:52]} {[%emt 00:01:24]} 20.
a5 {[%clk 00:42:41]} {[%emt 00:02:21]} Nc8 {[%clk 00:33:19]} {[%emt 00:00:04]}
21. Be3 {[%clk 00:40:51]} {[%emt 00:02:18]} Kh8 {[%clk 00:31:42]} {[%emt
00:02:08]} 22. Qd2 {[%clk 00:38:59]} {[%emt 00:02:22]} Ng8 {[%clk 00:25:06]}
{[%emt 00:07:06]} 23. Rf1 {[%clk 00:23:55]} {[%emt 00:15:33]} Rf8 {[%clk
00:19:55]} {[%emt 00:05:42]} 24. Ra2 {[%clk 00:14:11]} {[%emt 00:10:14]} Nce7
{[%clk 00:19:49]} {[%emt 00:00:37]} 25. b4 {[%clk 00:13:17]} {[%emt 00:01:24]}
cxb4 {[%clk 00:18:26]} {[%emt 00:01:53]} 26. cxb4 {[%clk 00:13:37]} {[%emt
00:00:09]} f5 {[%clk 00:18:44]} {[%emt 00:00:12]} 27. exf5 {[%clk 00:13:51]}
{[%emt 00:00:16]} Nxf5 {[%clk 00:18:55]} {[%emt 00:00:18]} 28. Bb6 {[%clk
00:12:22]} {[%emt 00:01:59]} Qe7 {[%clk 00:19:04]} {[%emt 00:00:22]} 29. Ne4
{[%clk 00:11:42]} {[%emt 00:01:09]} Bh6 {[%clk 00:18:30]} {[%emt 00:01:05]} 30.
Qd1 {[%clk 00:11:34]} {[%emt 00:00:36]} Rac8 {[%clk 00:15:12]} {[%emt
00:03:49]} 31. Bd3 {[%clk 00:11:05]} {[%emt 00:01:00]} Rc1 {[%clk 00:09:55]}
{[%emt 00:05:45]} 32. Qe2 {[%clk 00:08:54]} {[%emt 00:02:41]} Rfc8 {[%clk
00:10:06]} {[%emt 00:00:20]} 33. Rxc1 {[%clk 00:07:26]} {[%emt 00:01:58]} Rxc1+
{[%clk 00:10:33]} {[%emt 00:00:03]} 34. Nf1 {[%clk 00:07:50]} {[%emt 00:00:06]}
Nf6 {[%clk 00:05:37]} {[%emt 00:05:27]} 35. Nxf6 {[%clk 00:07:55]} {[%emt
00:00:24]} Qxf6 {[%clk 00:06:05]} {[%emt 00:00:03]} 36. Rc2 {[%clk 00:08:13]}
{[%emt 00:00:11]} Qg5 {[%clk 00:06:21]} {[%emt 00:00:15]} 37. Rc7 {[%clk
00:02:21]} {[%emt 00:06:21]} Nd4 {[%clk 00:05:28]} {[%emt 00:01:23]} 38. Bxd4
{[%clk 00:00:55]} {[%emt 00:01:56]} Rxc7 {[%clk 00:05:52]} {[%emt 00:00:07]}
39. Be3 {[%clk 00:01:15]} {[%emt 00:00:11]} Qh4 {[%clk 00:05:41]} {[%emt
00:00:41]} 40. Qf3 {[%clk 00:00:47]} {[%emt 00:00:58]} Kg7 {[%clk 00:03:59]}
{[%emt 00:02:12]} 41. Ng3 {[%clk 00:18:39]} {[%emt 00:12:37]} Bxe3 {[%clk
00:20:38]} {[%emt 00:13:51]} 42. Qxe3 {[%clk 00:17:40]} {[%emt 00:01:30]} Rb7
{[%clk 00:18:57]} {[%emt 00:02:11]} 43. Ne4 {[%clk 00:16:33]} {[%emt 00:01:37]}
Qe7 {[%clk 00:18:11]} {[%emt 00:01:16]} 44. g4 {[%clk 00:14:59]} {[%emt
00:02:03]} Bc8 {[%clk 00:17:00]} {[%emt 00:01:41]} 45. f3 {[%clk 00:11:12]}
{[%emt 00:04:19]} Qf8 {[%clk 00:12:21]} {[%emt 00:05:07]} 46. Kg2 {[%clk
00:08:26]} {[%emt 00:03:16]} Qd8 {[%clk 00:09:29]} {[%emt 00:03:23]} 47. h4
{[%clk 00:08:31]} {[%emt 00:00:26]} Rf7 {[%clk 00:09:25]} {[%emt 00:00:33]} 48.
h5 {[%clk 00:08:22]} {[%emt 00:00:39]} Rf4 {[%clk 00:09:29]} {[%emt 00:00:25]}
49. Qa7+ {[%clk 00:07:05]} {[%emt 00:01:48]} Qd7 {[%clk 00:09:23]} {[%emt
00:00:35]} 50. Qb8 {[%clk 00:07:01]} {[%emt 00:00:35]} Bb7 {[%clk 00:04:13]}
{[%emt 00:05:41]} 51. Nc5 {[%clk 00:04:48]} {[%emt 00:02:43]} Rxg4+ {[%clk
00:02:57]} {[%emt 00:01:46]} 52. Kf2 {[%clk 00:02:47]} {[%emt 00:02:30]} dxc5
{[%clk 00:00:36]} {[%emt 00:02:51]} 53. Qxe5+ {[%clk 00:03:11]} {[%emt
00:00:05]} Kg8 {[%clk 00:00:48]} {[%emt 00:00:17]} 54. fxg4 {[%clk 00:01:53]}
{[%emt 00:01:51]} Qxd5 {[%clk 00:00:35]} {[%emt 00:00:43]} 55. Qxd5+ {[%clk
00:01:37]} {[%emt 00:00:45]} Bxd5 {[%clk 00:01:04]} {[%emt 00:00:03]} 56. hxg6
{[%clk 00:01:56]} {[%emt 00:00:09]} hxg6 {[%clk 00:00:50]} {[%emt 00:00:45]}
57. bxc5 {[%clk 00:02:00]} {[%emt 00:00:25]} Kf7 {[%clk 00:00:44]} {[%emt
00:00:36]} 58. g5 {[%clk 00:02:16]} {[%emt 00:00:13]} Be6 {[%clk 00:00:38]}
{[%emt 00:00:36]} 59. Ke3 {[%clk 00:02:38]} {[%emt 00:00:07]} Bc8 {[%clk
00:00:46]} {[%emt 00:00:22]} 60. Kd4 {[%clk 00:02:54]} {[%emt 00:00:13]} Bb7
{[%clk 00:01:06]} {[%emt 00:00:12]} 61. Ke5 {[%clk 00:03:09]} {[%emt 00:00:13]}
b4 {[%clk 00:00:53]} {[%emt 00:00:45]} 62. Kd6 {[%clk 00:03:14]} {[%emt
00:00:24]} Ke8 {[%clk 00:01:08]} {[%emt 00:00:15]} 63. c6 {[%clk 00:03:16]}
{[%emt 00:00:29]} 1-0

[Event "ODJM A 2023"]
[Site "Willingen GER"]
[Date "2023.06.03"]
[Round "9"]
[White "Longo, Massimo"]
[Black "Kruse, Victor"]
[Result "0-1"]
[Termination "normal"]
[Board "7"]
[WhiteElo "1890"]
[BlackElo "1964"]
[WhiteClock "00:01:36"]
[BlackClock "00:02:37"]
[PlyCount "142"]
[WhiteFideId "16205227"]
[BlackFideId "16256964"]
[EventCountry "GER"]
[EventRounds "9"]
[EventType "swiss"]
[EventDate "2023.05.27"]

1. d4 {[%clk 01:30:59]} {[%emt 00:00:02]} d5 {[%clk 01:30:52]} {[%emt
00:00:07]} 2. c4 {[%clk 01:31:23]} {[%emt 00:00:07]} c6 {[%clk 01:31:17]}
{[%emt 00:00:04]} 3. Nf3 {[%clk 01:30:57]} {[%emt 00:00:56]} Nf6 {[%clk
01:31:35]} {[%emt 00:00:12]} 4. cxd5 {[%clk 01:29:12]} {[%emt 00:02:15]} cxd5
{[%clk 01:31:56]} {[%emt 00:00:09]} 5. Nc3 {[%clk 01:29:08]} {[%emt 00:00:34]}
Nc6 {[%clk 01:32:22]} {[%emt 00:00:05]} 6. Bf4 {[%clk 01:26:57]} {[%emt
00:02:42]} a6 {[%clk 01:32:31]} {[%emt 00:00:21]} 7. e3 {[%clk 01:17:35]}
{[%emt 00:09:51]} Bg4 {[%clk 01:22:12]} {[%emt 00:10:49]} 8. Qb3 {[%clk
01:16:40]} {[%emt 00:01:25]} Na5 {[%clk 01:20:16]} {[%emt 00:02:27]} 9. Qa4+
{[%clk 01:16:38]} {[%emt 00:00:31]} Nc6 {[%clk 01:09:17]} {[%emt 00:11:29]} 10.
Ne5 {[%clk 01:11:39]} {[%emt 00:05:28]} Bd7 {[%clk 01:09:30]} {[%emt 00:00:17]}
11. Nxd7 {[%clk 01:10:08]} {[%emt 00:02:02]} Qxd7 {[%clk 01:08:31]} {[%emt
00:01:30]} 12. Bd3 {[%clk 01:07:28]} {[%emt 00:03:09]} e6 {[%clk 01:08:28]}
{[%emt 00:00:32]} 13. Qb3 {[%clk 01:03:29]} {[%emt 00:04:30]} b5 {[%clk
00:54:17]} {[%emt 00:14:39]} 14. Nxb5 {[%clk 00:47:24]} {[%emt 00:16:36]} axb5
{[%clk 00:41:16]} {[%emt 00:13:30]} 15. Bxb5 {[%clk 00:47:19]} {[%emt
00:00:34]} Bb4+ {[%clk 00:40:32]} {[%emt 00:01:15]} 16. Kf1 {[%clk 00:47:10]}
{[%emt 00:00:39]} O-O {[%clk 00:31:10]} {[%emt 00:09:52]} 17. Bxc6 {[%clk
00:47:29]} {[%emt 00:00:10]} Qxc6 {[%clk 00:31:33]} {[%emt 00:00:08]} 18. Qxb4
{[%clk 00:47:51]} {[%emt 00:00:07]} Qa6+ {[%clk 00:31:10]} {[%emt 00:00:52]}
19. Kg1 {[%clk 00:44:40]} {[%emt 00:03:41]} Rfc8 {[%clk 00:28:53]} {[%emt
00:02:47]} 20. h3 {[%clk 00:31:42]} {[%emt 00:13:27]} Rc2 {[%clk 00:22:56]}
{[%emt 00:06:28]} 21. Bg3 {[%clk 00:22:11]} {[%emt 00:10:00]} Ne4 {[%clk
00:19:48]} {[%emt 00:03:39]} 22. Kh2 {[%clk 00:20:35]} {[%emt 00:02:07]} Rac8
{[%clk 00:16:32]} {[%emt 00:03:46]} 23. Rhf1 {[%clk 00:15:44]} {[%emt
00:05:20]} h5 {[%clk 00:16:31]} {[%emt 00:00:31]} 24. a4 {[%clk 00:15:31]}
{[%emt 00:00:44]} g5 {[%clk 00:10:36]} {[%emt 00:06:24]} 25. h4 {[%clk
00:12:57]} {[%emt 00:03:04]} Qe2 {[%clk 00:08:55]} {[%emt 00:02:11]} 26. Qe1
{[%clk 00:08:45]} {[%emt 00:04:42]} Nxg3 {[%clk 00:09:05]} {[%emt 00:00:20]}
27. Qxe2 {[%clk 00:08:34]} {[%emt 00:00:42]} Nxe2 {[%clk 00:09:28]} {[%emt
00:00:06]} 28. Rfb1 {[%clk 00:08:59]} {[%emt 00:00:05]} R2c4 {[%clk 00:07:35]}
{[%emt 00:02:22]} 29. b4 {[%clk 00:05:45]} {[%emt 00:03:44]} Nc3 {[%clk
00:07:49]} {[%emt 00:00:15]} 30. Rb3 {[%clk 00:06:04]} {[%emt 00:00:12]} Ra8
{[%clk 00:06:20]} {[%emt 00:02:00]} 31. a5 {[%clk 00:05:10]} {[%emt 00:01:24]}
Nb5 {[%clk 00:06:31]} {[%emt 00:00:20]} 32. hxg5 {[%clk 00:04:13]} {[%emt
00:01:25]} Kg7 {[%clk 00:06:30]} {[%emt 00:00:31]} 33. Kg3 {[%clk 00:04:23]}
{[%emt 00:00:20]} Kg6 {[%clk 00:06:29]} {[%emt 00:00:31]} 34. Kf4 {[%clk
00:04:42]} {[%emt 00:00:11]} Rc2 {[%clk 00:05:59]} {[%emt 00:01:00]} 35. f3
{[%clk 00:04:50]} {[%emt 00:00:21]} f6 {[%clk 00:04:19]} {[%emt 00:02:11]} 36.
gxf6 {[%clk 00:04:43]} {[%emt 00:00:38]} Kxf6 {[%clk 00:04:44]} {[%emt
00:00:04]} 37. g3 {[%clk 00:04:09]} {[%emt 00:01:04]} Nc3 {[%clk 00:04:37]}
{[%emt 00:00:38]} 38. e4 {[%clk 00:04:02]} {[%emt 00:00:36]} Nb5 {[%clk
00:03:25]} {[%emt 00:01:41]} 39. Ke3 {[%clk 00:03:23]} {[%emt 00:01:08]} Rc4
{[%clk 00:03:37]} {[%emt 00:00:19]} 40. Rb2 {[%clk 00:03:34]} {[%emt 00:00:19]}
Nxd4 {[%clk 00:03:12]} {[%emt 00:00:55]} 41. Kd3 {[%clk 00:24:14]} {[%emt
00:09:50]} Nb5 {[%clk 00:32:48]} {[%emt 00:00:53]} 42. exd5 {[%clk 00:22:17]}
{[%emt 00:02:29]} exd5 {[%clk 00:32:10]} {[%emt 00:01:08]} 43. a6 {[%clk
00:20:40]} {[%emt 00:02:08]} Rc3+ {[%clk 00:29:25]} {[%emt 00:03:14]} 44. Ke2
{[%clk 00:20:32]} {[%emt 00:00:37]} Ke6 {[%clk 00:26:51]} {[%emt 00:03:04]} 45.
Ra5 {[%clk 00:19:30]} {[%emt 00:01:33]} Nd4+ {[%clk 00:26:33]} {[%emt
00:00:47]} 46. Kd2 {[%clk 00:12:33]} {[%emt 00:06:46]} Rxf3 {[%clk 00:25:49]}
{[%emt 00:01:55]} 47. b5 {[%clk 00:12:22]} {[%emt 00:00:42]} Nb3+ {[%clk
00:22:39]} {[%emt 00:03:40]} 48. Ke2 {[%clk 00:12:46]} {[%emt 00:00:06]} Nd4+
{[%clk 00:11:26]} {[%emt 00:11:42]} 49. Ke1 {[%clk 00:12:08]} {[%emt 00:01:09]}
Rb3 {[%clk 00:10:36]} {[%emt 00:01:20]} 50. Rxb3 {[%clk 00:08:51]} {[%emt
00:03:47]} Nxb3 {[%clk 00:11:02]} {[%emt 00:00:05]} 51. Ra2 {[%clk 00:07:57]}
{[%emt 00:01:24]} Nc5 {[%clk 00:10:30]} {[%emt 00:01:03]} 52. Rh2 {[%clk
00:07:35]} {[%emt 00:00:51]} Rh8 {[%clk 00:09:00]} {[%emt 00:02:00]} 53. Rh4
{[%clk 00:05:11]} {[%emt 00:02:53]} Kd6 {[%clk 00:06:21]} {[%emt 00:03:10]} 54.
g4 {[%clk 00:04:53]} {[%emt 00:00:48]} Re8+ {[%clk 00:06:44]} {[%emt 00:00:07]}
55. Kd1 {[%emt 00:00:30]} hxg4 {[%clk 00:06:54]} 56. Rxg4 {[%clk 00:05:25]}
{[%emt 00:00:18]} Kc7 {[%clk 00:06:37]} {[%emt 00:00:42]} 57. Rg5 {[%clk
00:05:01]} {[%emt 00:00:58]} Rd8 {[%clk 00:06:47]} {[%emt 00:00:19]} 58. Rg6
{[%clk 00:04:02]} {[%emt 00:01:30]} Kb8 {[%emt 00:04:06]} 59. Rc6 {[%clk
00:03:42]} Nd3 {[%clk 00:01:56]} {[%emt 00:02:35]} 60. Kd2 {[%clk 00:03:12]}
{[%emt 00:01:00]} Ne5 {[%clk 00:01:39]} {[%emt 00:00:46]} 61. Re6 {[%clk
00:02:37]} {[%emt 00:01:05]} Nc4+ {[%clk 00:01:15]} {[%emt 00:00:55]} 62. Kc3
{[%clk 00:02:47]} {[%emt 00:00:16]} Ka7 {[%clk 00:01:23]} {[%emt 00:00:25]} 63.
Kb4 {[%clk 00:02:56]} {[%emt 00:00:22]} Nb6 {[%clk 00:01:31]} {[%emt 00:00:21]}
64. Re7+ {[%clk 00:03:01]} {[%emt 00:00:26]} Rd7 {[%clk 00:01:28]} {[%emt
00:00:33]} 65. Re6 {[%clk 00:02:28]} {[%emt 00:01:04]} d4 {[%clk 00:01:33]}
{[%emt 00:00:23]} 66. Re1 {[%clk 00:02:02]} {[%emt 00:00:56]} Nd5+ {[%clk
00:01:34]} {[%emt 00:00:29]} 67. Kc5 {[%clk 00:02:22]} {[%emt 00:00:10]} d3
{[%clk 00:01:37]} {[%emt 00:00:29]} 68. b6+ {[%clk 00:02:05]} {[%emt 00:00:44]}
Nxb6 {[%clk 00:01:52]} {[%emt 00:00:15]} 69. Rd1 {[%clk 00:01:35]} {[%emt
00:01:00]} d2 {[%clk 00:02:11]} {[%emt 00:00:11]} 70. Kc6 {[%clk 00:01:33]}
{[%emt 00:00:34]} Rd8 {[%clk 00:02:19]} {[%emt 00:00:21]} 71. Kc5 {[%clk
00:01:36]} {[%emt 00:00:28]} Na4+ {[%clk 00:02:37]} {[%emt 00:00:10]} 0-1

[Event "ODJM A 2023"]
[Site "Willingen GER"]
[Date "2023.06.03"]
[Round "9"]
[White "Stork, Christopher"]
[Black "Hoffmann, Kay"]
[Result "1-0"]
[Termination "normal"]
[Board "8"]
[WhiteElo "2035"]
[BlackElo "1805"]
[WhiteClock "00:19:52"]
[BlackClock "00:48:30"]
[PlyCount "55"]
[WhiteFideId "16215400"]
[BlackFideId "16227000"]
[EventCountry "GER"]
[EventRounds "9"]
[EventType "swiss"]
[EventDate "2023.05.27"]

1. e4 {[%clk 01:30:48]} {[%emt 00:00:12]} e5 {[%clk 01:30:34]} {[%emt
00:00:26]} 2. Nf3 {[%clk 01:31:12]} {[%emt 00:00:06]} Nf6 {[%clk 01:30:59]}
{[%emt 00:00:06]} 3. Nc3 {[%clk 01:31:38]} {[%emt 00:00:02]} Bb4 {[%clk
01:31:23]} {[%emt 00:00:07]} 4. Nxe5 {[%clk 01:31:48]} {[%emt 00:00:19]} O-O
{[%clk 01:31:45]} {[%emt 00:00:09]} 5. Nd3 {[%clk 01:32:14]} {[%emt 00:00:04]}
Bxc3 {[%clk 01:32:03]} {[%emt 00:00:12]} 6. dxc3 {[%clk 01:32:39]} {[%emt
00:00:05]} Nxe4 {[%clk 01:32:26]} {[%emt 00:00:06]} 7. Be2 {[%clk 01:32:13]}
{[%emt 00:00:55]} d5 {[%clk 01:29:44]} {[%emt 00:03:13]} 8. O-O {[%clk
01:26:57]} {[%emt 00:05:45]} Bf5 {[%clk 01:26:54]} {[%emt 00:03:20]} 9. Nf4
{[%clk 01:23:56]} {[%emt 00:03:31]} c6 {[%clk 01:25:46]} {[%emt 00:01:39]} 10.
Be3 {[%clk 01:16:59]} {[%emt 00:07:28]} h6 {[%clk 01:24:55]} {[%emt 00:01:21]}
11. Re1 {[%clk 00:58:12]} {[%emt 00:19:17]} Nd7 {[%clk 01:20:34]} {[%emt
00:04:51]} 12. h3 {[%clk 00:50:39]} {[%emt 00:08:03]} Re8 {[%clk 01:20:05]}
{[%emt 00:01:00]} 13. c4 {[%clk 00:42:02]} {[%emt 00:09:06]} dxc4 {[%clk
01:19:18]} {[%emt 00:01:17]} 14. Bxc4 {[%clk 00:40:04]} {[%emt 00:02:29]} Qh4
{[%clk 01:16:08]} {[%emt 00:03:38]} 15. Qh5 {[%clk 00:33:54]} {[%emt 00:06:40]}
Qxh5 {[%clk 01:14:38]} {[%emt 00:02:01]} 16. Nxh5 {[%clk 00:34:22]} {[%emt
00:00:02]} Ne5 {[%clk 01:11:33]} {[%emt 00:03:35]} 17. Be2 {[%clk 00:30:26]}
{[%emt 00:04:26]} b6 {[%clk 01:10:37]} {[%emt 00:01:26]} 18. Rad1 {[%clk
00:29:55]} {[%emt 00:01:01]} Rad8 {[%clk 01:10:53]} {[%emt 00:00:14]} 19. Bd4
{[%clk 00:27:01]} {[%emt 00:03:24]} f6 {[%clk 00:52:36]} {[%emt 00:18:47]} 20.
Nf4 {[%clk 00:24:25]} {[%emt 00:03:05]} c5 {[%clk 00:52:06]} {[%emt 00:01:00]}
21. Bxe5 {[%clk 00:23:10]} {[%emt 00:01:46]} fxe5 {[%clk 00:51:45]} {[%emt
00:00:50]} 22. Nd5 {[%clk 00:21:16]} {[%emt 00:02:25]} Nf6 {[%clk 00:48:29]}
{[%emt 00:03:46]} 23. Ne7+ {[%clk 00:20:47]} {[%emt 00:01:00]} Rxe7 {[%clk
00:47:57]} {[%emt 00:01:02]} 24. Rxd8+ {[%clk 00:21:12]} {[%emt 00:00:04]} Kh7
{[%clk 00:48:22]} {[%emt 00:00:05]} 25. c3 {[%clk 00:19:41]} {[%emt 00:02:01]}
e4 {[%clk 00:48:09]} {[%emt 00:00:42]} 26. Bc4 {[%clk 00:19:40]} {[%emt
00:00:31]} Nd7 {[%clk 00:48:08]} {[%emt 00:00:32]} 27. Bg8+ {[%clk 00:19:34]}
{[%emt 00:00:35]} Kg6 {[%clk 00:48:30]} {[%emt 00:00:07]} 28. g4 {[%clk
00:19:52]} {[%emt 00:00:12]} 1-0

[Event "ODJM A 2023"]
[Site "Willingen GER"]
[Date "2023.06.03"]
[Round "9"]
[White "Brunner, Tobias"]
[Black "Kamp, Adrian"]
[Result "1/2-1/2"]
[Termination "normal"]
[Board "9"]
[WhiteElo "2017"]
[BlackElo "2021"]
[WhiteClock "00:45:05"]
[BlackClock "00:54:46"]
[PlyCount "44"]
[WhiteFideId "12949833"]
[BlackFideId "16222466"]
[EventCountry "GER"]
[EventRounds "9"]
[EventType "swiss"]
[EventDate "2023.05.27"]

1. e4 {[%clk 01:30:57]} {[%emt 00:00:03]} c5 {[%clk 01:30:49]} {[%emt
00:00:12]} 2. Nc3 {[%clk 01:31:18]} {[%emt 00:00:07]} Nc6 {[%clk 01:31:01]}
{[%emt 00:00:18]} 3. g3 {[%clk 01:31:11]} {[%emt 00:00:37]} e6 {[%clk
01:31:10]} {[%emt 00:00:21]} 4. Bg2 {[%clk 01:31:33]} {[%emt 00:00:07]} Nf6
{[%clk 01:31:17]} {[%emt 00:00:24]} 5. f4 {[%clk 01:30:44]} {[%emt 00:01:19]}
d5 {[%clk 01:30:45]} {[%emt 00:01:02]} 6. d3 {[%clk 01:30:57]} {[%emt
00:00:17]} Be7 {[%clk 01:26:45]} {[%emt 00:04:30]} 7. Nf3 {[%clk 01:27:14]}
{[%emt 00:04:13]} dxe4 {[%clk 01:25:37]} {[%emt 00:01:38]} 8. Nxe4 {[%clk
01:27:38]} {[%emt 00:00:06]} Nxe4 {[%clk 01:25:48]} {[%emt 00:00:20]} 9. dxe4
{[%clk 01:28:02]} {[%emt 00:00:05]} Qxd1+ {[%clk 01:26:12]} {[%emt 00:00:07]}
10. Kxd1 {[%clk 01:28:28]} {[%emt 00:00:04]} O-O {[%clk 01:26:29]} {[%emt
00:00:14]} 11. c3 {[%clk 01:28:52]} {[%emt 00:00:05]} Rd8+ {[%clk 01:26:02]}
{[%emt 00:00:56]} 12. Kc2 {[%clk 01:29:15]} {[%emt 00:00:08]} b6 {[%clk
01:26:22]} {[%emt 00:00:11]} 13. Be3 {[%clk 01:21:59]} {[%emt 00:07:44]} Ba6
{[%clk 01:22:52]} {[%emt 00:04:01]} 14. Rad1 {[%clk 01:19:57]} {[%emt
00:02:32]} Be2 {[%clk 01:21:17]} {[%emt 00:02:05]} 15. Rd2 {[%clk 01:12:46]}
{[%emt 00:07:41]} Rxd2+ {[%clk 01:18:52]} {[%emt 00:02:55]} 16. Kxd2 {[%clk
01:09:25]} {[%emt 00:03:51]} Bc4 {[%clk 01:16:11]} {[%emt 00:03:11]} 17. b3
{[%clk 01:08:00]} {[%emt 00:01:56]} Rd8+ {[%clk 01:15:57]} {[%emt 00:00:43]}
18. Kc1 {[%clk 01:06:02]} {[%emt 00:02:28]} Bd3 {[%clk 01:12:00]} {[%emt
00:04:27]} 19. Nd2 {[%clk 00:59:30]} {[%emt 00:07:02]} e5 {[%clk 01:10:27]}
{[%emt 00:02:03]} 20. Re1 {[%clk 00:52:59]} {[%emt 00:07:01]} b5 {[%clk
01:05:04]} {[%emt 00:05:54]} 21. Kb2 {[%clk 00:49:43]} {[%emt 00:03:46]} c4
{[%clk 00:58:22]} {[%emt 00:07:13]} 22. Bf1 {[%clk 00:45:05]} {[%emt 00:05:06]}
Bxf1 {[%clk 00:54:46]} {[%emt 00:04:07]} 1/2-1/2

[Event "ODJM A 2023"]
[Site "Willingen GER"]
[Date "2023.06.03"]
[Round "9"]
[White "Deschler, Arne"]
[Black "Köhler, Lukas"]
[Result "0-1"]
[Termination "normal"]
[Board "10"]
[WhiteElo "1767"]
[BlackElo "2078"]
[WhiteClock "00:19:14"]
[BlackClock "00:14:15"]
[PlyCount "50"]
[WhiteFideId "16274415"]
[BlackFideId "16221990"]
[EventCountry "GER"]
[EventRounds "9"]
[EventType "swiss"]
[EventDate "2023.05.27"]

1. e4 {[%clk 01:30:58]} {[%emt 00:00:02]} c5 {[%clk 01:30:50]} {[%emt
00:00:11]} 2. Nf3 {[%clk 01:31:24]} {[%emt 00:00:05]} d6 {[%clk 01:31:12]}
{[%emt 00:00:08]} 3. d4 {[%clk 01:31:50]} {[%emt 00:00:04]} cxd4 {[%clk
01:31:33]} {[%emt 00:00:08]} 4. Nxd4 {[%clk 01:32:16]} {[%emt 00:00:04]} Nf6
{[%clk 01:31:53]} {[%emt 00:00:10]} 5. Nc3 {[%clk 01:32:41]} {[%emt 00:00:07]}
g6 {[%clk 01:31:30]} {[%emt 00:00:52]} 6. f4 {[%clk 01:29:25]} {[%emt
00:03:44]} Nfd7 {[%clk 01:06:44]} {[%emt 00:25:15]} 7. Be3 {[%clk 01:27:31]}
{[%emt 00:02:25]} Bg7 {[%clk 01:06:37]} {[%emt 00:00:37]} 8. Bc4 {[%clk
01:22:49]} {[%emt 00:05:11]} Nc6 {[%clk 01:04:28]} {[%emt 00:02:39]} 9. O-O
{[%clk 01:05:37]} {[%emt 00:17:43]} O-O {[%clk 01:01:42]} {[%emt 00:03:17]} 10.
Qd2 {[%clk 01:01:06]} {[%emt 00:05:00]} Nb6 {[%clk 00:49:54]} {[%emt 00:12:19]}
11. Nxc6 {[%clk 00:56:38]} {[%emt 00:04:57]} bxc6 {[%clk 00:47:54]} {[%emt
00:02:31]} 12. Bb3 {[%clk 00:56:01]} {[%emt 00:01:06]} c5 {[%clk 00:39:34]}
{[%emt 00:08:49]} 13. Na4 {[%clk 00:42:38]} {[%emt 00:13:54]} Ba6 {[%clk
00:31:40]} {[%emt 00:08:24]} 14. Nxb6 {[%clk 00:42:14]} {[%emt 00:00:54]} Qxb6
{[%clk 00:31:53]} {[%emt 00:00:18]} 15. Rf2 {[%clk 00:40:27]} {[%emt 00:02:16]}
Rab8 {[%clk 00:28:56]} {[%emt 00:03:28]} 16. c3 {[%clk 00:38:55]} {[%emt
00:02:02]} Qa5 {[%clk 00:24:10]} {[%emt 00:05:13]} 17. f5 {[%clk 00:30:25]}
{[%emt 00:09:02]} Rxb3 {[%clk 00:23:26]} {[%emt 00:01:15]} 18. fxg6 {[%clk
00:30:16]} {[%emt 00:00:39]} hxg6 {[%clk 00:23:23]} {[%emt 00:00:32]} 19. Bh6
{[%clk 00:28:36]} {[%emt 00:02:09]} Rbb8 {[%clk 00:21:25]} {[%emt 00:02:29]}
20. Rf3 {[%clk 00:26:44]} {[%emt 00:02:22]} Bc8 {[%clk 00:18:56]} {[%emt
00:02:59]} 21. Raf1 {[%clk 00:24:24]} {[%emt 00:02:50]} Qxa2 {[%clk 00:17:19]}
{[%emt 00:02:07]} 22. Qg5 {[%clk 00:21:20]} {[%emt 00:03:34]} Rxb2 {[%clk
00:14:06]} {[%emt 00:03:43]} 23. Rf4 {[%clk 00:18:21]} {[%emt 00:03:29]} Rxg2+
{[%clk 00:13:30]} {[%emt 00:01:06]} 24. Qxg2 {[%clk 00:18:48]} {[%emt
00:00:02]} Qxg2+ {[%clk 00:13:51]} {[%emt 00:00:10]} 25. Kxg2 {[%clk 00:19:14]}
{[%emt 00:00:04]} Bxh6 {[%clk 00:14:15]} {[%emt 00:00:06]} 0-1